00459nam a2200085Ia 4500008004100000245002600041300023600067650001600303856005400319170517s9999 xx 000 0 und d aAmerica the Beautiful aAmerica the Beautiful is examining the typical standards of beauty in United States by talking in casual settings with typical Americans, "normal" people, for lack of a better word. From what men look for in women, to what women... xTechnology. uhttp://topdocumentaryfilms.com/america-beautiful/